000 00773cam a2200253 a 4500
999 _c130562
_d130562
001 1913589
003 ARRUPE
005 20201028112906.0
008 850301s1985 nyu 000 1 eng
010 _a 85004479
020 _a0385187386
040 _aDLC
_cDLC
_dDLC
_dOCoLC
050 0 0 _aPR9369.3.S6
_bB8 1985
082 0 0 _a823
_219
100 1 _aSmith, Wilbur A.
_950030
245 1 4 _aThe burning shore /
_cWilbur Smith.
260 _aGarden City, N.Y. :
_bDoubleday,
_c1985.
300 _a420 p. ;
_c24 cm.
650 0 _aCourtney family (Fictitious characters)
_xFiction.
_950031
650 0 _aWorld War, 1914-1918
_xFiction.
_911579
655 7 _aEpic literature.
_2gsafd
_950032
906 _a7
_bcbc
_corignew
_d1
_eocip
_f19
_gy-gencatlg
942 _2lcc
_cMONOGRAPH